[Event "1st IBCA European Team Chess Championship"]
[Site "Warsaw"]
[Date "1899-12-30"]
[Round "8.24"]
[White "Gundogmus, Alaettin"]
[Black "Ilieva, Gabriela"]
[Result "0-1"]
[WhiteTitle ""]
[BlackTitle ""]
[WhiteElo "1590"]
[BlackElo "1510"]

1. e4 e6 2. d4 d5 3. Nc3 Bb4 4. exd5 exd5 5. Nf3 Bg4 6. Be2 Nf6 7. O-O O-O 8. a3
Bd6 9. Bg5 c6 10. Ne5 Bxe2 11. Nxe2 Re8 12. Ng4 Nbd7 13. Nxf6+ Nxf6 14. c3 Bxh2+
15. Kh1 Bd6 16. g3 Qe7 17. Bxf6 Qxe2 18. Qxe2 Rxe2 19. Bg5 Rxb2 20. a4 Re8 21.
Be3 Bxg3 22. Rab1 Rxb1 23. Rxb1 b6 24. a5 Bc7 25. a6 f5 26. Kg2 f4 27. Bd2 g5
28. Kf3 Kf7 29. Rh1 Kg6 30. Re1 Rxe1 0-1

[Event "1st IBCA European Team Chess Championship"]
[Site "Warsaw"]
[Date "1899-12-30"]
[Round "9.1"]
[White "Tazbir, Marcin"]
[Black "Cajzler, Hinko"]
[Result "1-0"]
[WhiteTitle "GM"]
[BlackTitle ""]
[WhiteElo "2524"]
[BlackElo "2099"]

1. c4 d6 2. Nc3 e5 3. g3 c6 4. Bg2 f5 5. d4 e4 6. f3 d5 7. fxe4 dxe4 8. Bf4 Nf6
9. Qd2 Be6 10. b3 Ba3 11. h4 Na6 12. Nh3 h6 13. Rd1 Bb4 14. O-O Qa5 15. Rc1 Rd8
16. e3 O-O 17. Rc2 Rd7 18. Qd1 Ba3 19. Qe1 Bb4 20. Qa1 Ng4 21. Nd1 Be7 22. Ndf2
Nxf2 23. Rcxf2 Nb4 24. Be5 Nd3 25. Nf4 Nxf4 26. Rxf4 g5 27. R4f2 gxh4 28. Bh3
hxg3 29. Rg2 Bg5 30. Rxg3 Kh7 31. Qb2 Qd8 32. Qg2 Rdf7 33. Kh1 Rg8 34. Rg1 Qe7
35. Qh2 Rg6 36. Bf1 b6 37. Be2 Rg8 38. Bd1 c5 39. Bc2 cxd4 40. exd4 e3 41. Qh5
e2 42. R3g2 b5 43. d5 Bd7 44. Rxe2 bxc4 45. bxc4 Rg6 46. Bd3 Rf8 47. Bf4 Qa3 48.
Rxg5 1-0

[Event "1st IBCA European Team Chess Championship"]
[Site "Warsaw"]
[Date "1899-12-30"]
[Round "9.2"]
[White "Prpic, Milan"]
[Black "Mackowiak, Marek"]
[Result "0-1"]
[WhiteTitle ""]
[BlackTitle ""]
[WhiteElo "1834"]
[BlackElo "2161"]

1. d4 Nf6 2. c4 c6 3. Nc3 d5 4. cxd5 cxd5 5. Nf3 Nc6 6. e3 e6 7. Bd3 Bd6 8. O-O
O-O 9. Nb5 Bb8 10. Bd2 a6 11. Nc3 e5 12. dxe5 Nxe5 13. Be2 Qd6 14. g3 Ba7 15.
Nxe5 Qxe5 16. Bf3 Bh3 17. Re1 Rad8 18. Qb3 Qf5 19. Bg2 Bxg2 20. Kxg2 d4 21. e4
Qd7 22. Nd1 Rfe8 23. f3 Re5 24. Rc1 Rb5 25. Qd3 Qe6 26. b3 Nd7 27. Nb2 Ne5 28.
Qf1 Bc5 29. Nd3 Ba3 30. Rc2 h6 31. f4 Nxd3 32. Qxd3 Rh5 33. f5 Qd7 34. Qf3 g6
35. g4 Rh4 36. f6 Qe6 37. h3 d3 38. Rc7 Bd6 39. Rcc1 Qe5 40. Rh1 h5 41. Rcf1 hxg4
42. hxg4 Rh2+ 43. Kg1 Rxd2 44. Qh3 Qd4+ 0-1

[Event "1st IBCA European Team Chess Championship"]
[Site "Warsaw"]
[Date "1899-12-30"]
[Round "9.3"]
[White "Czajkowski, Adam"]
[Black "Began, Branko"]
[Result "1-0"]
[WhiteTitle ""]
[BlackTitle ""]
[WhiteElo "2151"]
[BlackElo "1836"]

1. e4 c6 2. Nc3 d5 3. Nf3 dxe4 4. Nxe4 Nf6 5. Nxf6+ exf6 6. d4 Bd6 7. Be2 O-O 8.
O-O Bg4 9. b3 Qc7 10. h3 Bxf3 11. Bxf3 Re8 12. Bb2 Nd7 13. Re1 Nf8 14. Qd3 Qa5
15. Re2 Rxe2 16. Qxe2 Ng6 17. g3 f5 18. c4 Rf8 19. h4 Rd8 20. h5 Nf8 21. h6 gxh6
22. c5 Bb8 23. Qe7 Qc7 24. Qf6 Nd7 25. Qxh6 f6 26. Re1 Nf8 27. Qxf6 1-0

[Event "1st IBCA European Team Chess Championship"]
[Site "Warsaw"]
[Date "1899-12-30"]
[Round "9.4"]
[White "Drazetic, Novica"]
[Black "Suder, Ryszard"]
[Result "1/2-1/2"]
[WhiteTitle ""]
[BlackTitle ""]
[WhiteElo "1621"]
[BlackElo "2142"]

1. e4 d6 2. d4 Nf6 3. Nc3 g6 4. Nf3 Bg7 5. h3 O-O 6. Be3 c6 7. Bd3 b5 8. O-O Nbd7
9. Ne2 Qc7 10. Qd2 Bb7 11. Ng3 Rfe8 12. c3 a6 13. a4 e5 14. a5 d5 15. dxe5 Nxe4
16. Nxe4 dxe4 17. Bxe4 Nxe5 18. Nxe5 Qxe5 19. Bf3 Rad8 20. Qe2 Ba8 21. Rad1 Rxd1
22. Qxd1 h5 23. Qd2 c5 1/2-1/2

[Event "1st IBCA European Team Chess Championship"]
[Site "Warsaw"]
[Date "1899-12-30"]
[Round "9.5"]
[White "Pawelec, Bartosz"]
[Black "Grigorchuk, Sergey"]
[Result "0-1"]
[WhiteTitle ""]
[BlackTitle "CM"]
[WhiteElo "2116"]
[BlackElo "2267"]

1. e4 e6 2. d4 d5 3. Nd2 c5 4. Ngf3 Nf6 5. e5 Nfd7 6. c3 b6 7. Be2 Ba6 8. O-O cxd4
9. cxd4 Qc8 10. Nb3 Bxe2 11. Qxe2 Qa6 12. Re1 Qxe2 13. Rxe2 Nc6 14. Rc2 Nb4 15.
Rc3 a5 16. a3 Na6 17. Bd2 Be7 18. Rac1 O-O 19. Ng5 a4 20. Na1 b5 21. f4 Nb6 22.
b4 Nc4 23. Nf3 Rac8 24. Nc2 Nxd2 0-1

[Event "1st IBCA European Team Chess Championship"]
[Site "Warsaw"]
[Date "1899-12-30"]
[Round "9.6"]
[White "Wassin, Sergej"]
[Black "Chojnowski, Marcin"]
[Result "1/2-1/2"]
[WhiteTitle "FM"]
[BlackTitle ""]
[WhiteElo "2298"]
[BlackElo "1983"]

1. d4 Nf6 2. Nf3 g6 3. c4 Bg7 4. Nc3 O-O 5. e4 d6 6. Be2 Na6 7. O-O e5 8. Be3 exd4
9. Nxd4 Nc5 10. f3 a5 11. Ndb5 b6 12. Qd2 Bb7 13. Rac1 Nfd7 14. Rfd1 Ne5 15. Qe1
Ned7 16. Kh1 Re8 17. Qf2 Rc8 18. Bd4 f6 19. Nd5 c6 20. Nxd6 cxd5 21. cxd5 Rb8
22. Nxe8 Qxe8 23. Bb5 Qd8 24. Bc6 Bf8 25. Qe3 Ne5 26. Bxb7 Rxb7 27. h3 g5 28.
b3 Bd6 29. Rc2 h5 30. f4 gxf4 31. Qxf4 Rg7 32. Re2 Rg5 33. Rf1 Kg7 34. Qe3 1/2-1/2

[Event "1st IBCA European Team Chess Championship"]
[Site "Warsaw"]
[Date "1899-12-30"]
[Round "9.7"]
[White "Barnowski, Sylwester"]
[Black "Shepelev, Igor"]
[Result "0-1"]
[WhiteTitle ""]
[BlackTitle ""]
[WhiteElo "1889"]
[BlackElo "2021"]

1. d4 d6 2. f4 Nd7 3. Nf3 e5 4. e4 g6 5. fxe5 dxe5 6. d5 Bc5 7. Nc3 Ngf6 8. h3
Nh5 9. Bg5 f6 10. Bh4 Be3 11. Qd3 Bf4 12. Ne2 Bh6 13. g4 Nf4 14. Nxf4 Bxf4 15.
Nd2 Qe7 16. O-O-O O-O 17. Kb1 Qb4 18. c3 Qa4 19. Bf2 0-1

[Event "1st IBCA European Team Chess Championship"]
[Site "Warsaw"]
[Date "1899-12-30"]
[Round "9.8"]
[White "Kolpakov, Vladyslav"]
[Black "Zarow, Zdzislaw"]
[Result "1-0"]
[WhiteTitle ""]
[BlackTitle ""]
[WhiteElo "1944"]
[BlackElo "1849"]

1. e4 e5 2. Nf3 d5 3. exd5 e4 4. Qe2 Nf6 5. Nc3 Bf5 6. Nh4 Bg4 7. f3 Nxd5 8. Qxe4+
Be6 9. Nxd5 Qxd5 10. Qxd5 Bxd5 11. Nf5 g6 12. Ne3 Bc6 13. d4 Bg7 14. c3 O-O 15.
Kf2 b5 16. Bd3 Rd8 17. Re1 a6 18. Ng4 Nd7 19. Bf4 Rac8 20. Bc2 Bd5 21. Rad1 Nf8
22. Bg5 Re8 23. Nf6+ Bxf6 24. Bxf6 Nd7 25. Bh4 Kg7 26. Bg3 c6 27. b3 f5 28. Rxe8
Rxe8 29. Re1 Rxe1 30. Kxe1 Kf6 31. Bd3 g5 32. Kd2 f4 33. Bf2 h5 34. c4 Bf7 35.
Kc3 Bg6 36. Bxg6 Kxg6 37. Kb4 bxc4 38. bxc4 Kf5 39. Ka5 Ke6 40. Kxa6 Kd6 41. Kb7
Nf6 42. a4 h4 43. a5 Nd7 44. a6 Nf8 45. a7 1-0

[Event "1st IBCA European Team Chess Championship"]
[Site "Warsaw"]
[Date "1899-12-30"]
[Round "9.9"]
[White "Babarykin, Stanislav"]
[Black "Hilton, Stephen H"]
[Result "1-0"]
[WhiteTitle "FM"]
[BlackTitle ""]
[WhiteElo "2372"]
[BlackElo "1894"]

1. e4 c5 2. Nf3 a6 3. c3 d5 4. exd5 Qxd5 5. d4 e6 6. Be3 cxd4 7. cxd4 Nf6 8. Nc3
Qd6 9. Bd3 Be7 10. O-O Nbd7 11. Ng5 b5 12. Qf3 Qb8 13. Be4 Ra7 14. d5 Ne5 15.
Qg3 Nxe4 16. Ngxe4 Rb7 17. d6 Bxd6 18. Nxd6+ Qxd6 19. Ne4 Qb8 20. Qxg7 Ng6 21.
Rfd1 1-0

[Event "1st IBCA European Team Chess Championship"]
[Site "Warsaw"]
[Date "1899-12-30"]
[Round "9.13"]
[White "Palacios Perez, Manuel"]
[Black "Nizam, Rasim"]
[Result "0-1"]
[WhiteTitle ""]
[BlackTitle "IM"]
[WhiteElo "2163"]
[BlackElo "2185"]

1. d4 Nf6 2. c4 e6 3. Nc3 Bb4 4. Qc2 O-O 5. Nf3 c5 6. dxc5 Nc6 7. a3 Bxc5 8. e3
b6 9. Be2 Bb7 10. O-O a6 11. Rd1 Qc7 12. b4 Be7 13. Bb2 Rac8 14. h3 d6 15. Rd2
Rfd8 16. Rad1 Nb8 17. Nd4 Nbd7 18. f4 Qb8 19. Qa4 Qa8 20. Nf3 Rc7 21. Qb3 Rdc8
22. Na4 Ne4 23. Rc2 b5 24. Nc3 bxc4 25. Qa4 Ng3 26. Kf2 Nxe2 27. Kxe2 Nf6 28.
b5 Rc5 29. bxa6 Bxa6 30. Rcd2 Qb7 31. Kf2 Qb6 32. Nd4 Bb7 33. Qb4 Qc7 34. Na4
Ne4+ 35. Kg1 Nxd2 36. Nxc5 dxc5 0-1

[Event "1st IBCA European Team Chess Championship"]
[Site "Warsaw"]
[Date "1899-12-30"]
[Round "9.14"]
[White "Todorov, Aleksandar"]
[Black "Clemente Llamero, Roberto"]
[Result "0-1"]
[WhiteTitle ""]
[BlackTitle ""]
[WhiteElo "1951"]
[BlackElo "2162"]

1. e4 c6 2. d4 d5 3. exd5 cxd5 4. c4 Nf6 5. cxd5 g6 6. Nc3 Bg7 7. Bc4 O-O 8. Nf3
Nbd7 9. O-O Nb6 10. Bb3 Nbxd5 11. Re1 e6 12. Bg5 Nxc3 13. bxc3 b6 14. Ne5 Qc7
15. Bxf6 Bxf6 16. Qf3 Bxe5 17. Qxa8 Bxh2+ 18. Kh1 Bb7 19. Qxa7 Bxg2+ 20. Kxg2
Qxa7 21. Kxh2 Qc7+ 22. Kg2 Qxc3 23. Re3 Qc6+ 24. Kg3 Qd6+ 25. Kg2 Qf4 26. Rd3
Kg7 27. Rad1 Rd8 28. d5 exd5 29. Rxd5 Rxd5 30. Rxd5 h5 31. Rd3 Qe4+ 32. Rf3 g5
0-1

[Event "1st IBCA European Team Chess Championship"]
[Site "Warsaw"]
[Date "1899-12-30"]
[Round "9.15"]
[White "Draghici Flutur, Gavril"]
[Black "Georgiev, Yordan Kirilov"]
[Result "1-0"]
[WhiteTitle ""]
[BlackTitle ""]
[WhiteElo "2094"]
[BlackElo "1710"]

1. e4 c6 2. d4 d5 3. e5 Bf5 4. h4 h6 5. g4 Be4 6. f3 Bh7 7. e6 Qd6 8. exf7+ Kxf7
9. f4 Be4 10. Nf3 Ke8 11. Nc3 Bxf3 12. Qxf3 Nf6 13. g5 hxg5 14. fxg5 Nh5 15. Rh3
g6 16. Be3 Bg7 17. O-O-O Rf8 18. Qg4 Nd7 19. Rf3 Rxf3 20. Qxf3 e5 21. dxe5 Nxe5
22. Qe2 Kf7 23. Bh3 Re8 24. Ne4 Qb4 25. Qf2+ Kg8 26. Nf6+ Nxf6 27. gxf6 Rf8 28.
Be6+ Kh7 29. Bg5 Bh8 30. h5 gxh5 31. Rh1 Rf7 32. Bxf7 Nxf7 33. Qf5+ Kg8 34. Qg6+
Kf8 35. Bh6+ Nxh6 36. Qxh6+ Kf7 37. Qh7+ Ke6 38. Qxh8 Qf4+ 39. Kb1 Qf3 40. Re1+
Kd6 41. Qf8+ Kc7 42. f7 Qf2 43. Qe7+ 1-0

[Event "1st IBCA European Team Chess Championship"]
[Site "Warsaw"]
[Date "1899-12-30"]
[Round "9.16"]
[White "Ilieva, Gabriela"]
[Black "Saez Gabikagogeaskoa, Oscar"]
[Result "0-1"]
[WhiteTitle ""]
[BlackTitle ""]
[WhiteElo "1510"]
[BlackElo "2042"]

1. d4 Nf6 2. c4 c5 3. d5 b5 4. cxb5 a6 5. b6 e6 6. Nc3 Nxd5 7. Nxd5 exd5 8. Qxd5
Nc6 9. Nf3 Rb8 10. g3 Be7 11. Bg2 O-O 12. O-O Rxb6 13. Rb1 Nb4 14. Qb3 d5 15.
a3 Bf5 16. Bd2 Bc2 17. Qc3 Bxb1 18. Rxb1 Nc6 19. Bf4 Bd6 20. Bxd6 Qxd6 21. Rc1
c4 22. Rd1 Rd8 23. Nd4 Ne7 24. Nc2 Rb3 25. Qd4 Nc6 26. Qxd5 Qe7 27. Qxc6 Rxd1+
28. Bf1 g6 29. Qc8+ Qd8 30. Qxa6 Rxf1+ 0-1

[Event "1st IBCA European Team Chess Championship"]
[Site "Warsaw"]
[Date "1899-12-30"]
[Round "9.17"]
[White "Rositsan, Boris"]
[Black "Deville, Olivier"]
[Result "1/2-1/2"]
[WhiteTitle "FM"]
[BlackTitle ""]
[WhiteElo "2091"]
[BlackElo "1849"]

1. e4 c5 2. Nf3 d6 3. b4 cxb4 4. d4 Bg4 5. Bc4 Nc6 6. h3 Bxf3 7. Qxf3 e6 8. Bb2
Qc7 9. Bb3 Nf6 10. O-O e5 11. dxe5 dxe5 12. a3 bxa3 13. Bxa3 Bxa3 14. Nxa3 a5
15. Rad1 O-O 16. Nb5 Qe7 17. Bd5 Rac8 18. Qg3 1/2-1/2

[Event "1st IBCA European Team Chess Championship"]
[Site "Warsaw"]
[Date "1899-12-30"]
[Round "9.18"]
[White "Sojka, Bernard"]
[Black "Grybas, Gintaras"]
[Result "0-1"]
[WhiteTitle ""]
[BlackTitle ""]
[WhiteElo "1755"]
[BlackElo "2012"]

1. e3 d5 2. c4 e6 3. Nf3 Nf6 4. Nc3 Be7 5. cxd5 exd5 6. Be2 c6 7. O-O O-O 8. b3
Ne4 9. Bb2 Bf6 10. Qc1 Bg4 11. d3 Bxf3 12. Bxf3 Nxc3 13. Bxc3 d4 14. exd4 Bxd4
15. Bxd4 Qxd4 16. Qc4 Qd6 17. Rad1 Nd7 18. d4 Nf6 19. Qc5 Rfd8 20. Rfe1 h6 21.
h3 g5 22. Re5 Kf8 23. Rf5 Qxc5 24. Rxc5 Rd6 25. Rf5 Rad8 26. g3 Kg7 27. Re5 Rxd4
28. Rxd4 Rxd4 29. Kg2 Kf8 30. Re2 h5 31. Rb2 Ke7 32. Be2 b5 33. Rc2 Kd6 34. Bf3
c5 35. Bb7 c4 36. bxc4 bxc4 37. a4 Kc5 38. a5 Kb4 39. Kf3 Kb3 40. Re2 Rd3+ 41.
Re3 Rxe3+ 42. Kxe3 c3 0-1

[Event "1st IBCA European Team Chess Championship"]
[Site "Warsaw"]
[Date "1899-12-30"]
[Round "9.19"]
[White "Novikovas, Anatolijus"]
[Black "Siret, Bernard"]
[Result "1-0"]
[WhiteTitle ""]
[BlackTitle ""]
[WhiteElo "1856"]
[BlackElo "1712"]

1. e4 c5 2. Nc3 d6 3. f4 g6 4. Bc4 Bg7 5. Nf3 Bg4 6. Bxf7+ Kf8 7. Bb3 Nc6 8. h3
Bd7 9. O-O Nd4 10. Nxd4 Bxd4+ 11. Kh1 Kg7 12. Ne2 Nh6 13. c3 Bf6 14. d4 cxd4 15.
Nxd4 Qc8 16. f5 gxf5 17. Bxh6+ Kxh6 18. Nxf5+ Bxf5 19. Rxf5 Rf8 20. Qg4 Qe8 21.
Raf1 Qg6 22. Qf3 Kg7 23. g4 h6 24. Bd5 Rab8 25. a4 a5 26. c4 b6 27. b3 Qe8 28.
Be6 Qg6 29. h4 Qe8 30. h5 Qd8 31. Qe3 Qc7 32. g5 hxg5 33. Rxg5+ Kh8 34. Rg6 Bg7
35. Rh6+ Bxh6 36. Qxh6# 1-0

[Event "1st IBCA European Team Chess Championship"]
[Site "Warsaw"]
[Date "1899-12-30"]
[Round "9.20"]
[White "Baue, Michel"]
[Black "Slusnys, Evaldas"]
[Result "0-1"]
[WhiteTitle ""]
[BlackTitle ""]
[WhiteElo "1700"]
[BlackElo "1888"]

1. e4 c5 2. Nf3 Nc6 3. d4 cxd4 4. Nxd4 Nf6 5. Nc3 e5 6. Ndb5 d6 7. Nd5 Nxd5 8.
exd5 Ne7 9. c4 Nf5 10. Bd3 Be7 11. O-O a6 12. Nc3 O-O 13. Bd2 Bg5 14. Qc1 Bxd2
15. Qxd2 Nd4 16. Kh1 Bf5 17. Bxf5 Nxf5 18. Rac1 Qh4 19. Ne2 Rac8 20. b3 Rc7 21.
Rc3 Qh6 22. Qxh6 Nxh6 23. Rfc1 Rfc8 24. b4 b6 25. Kg1 g6 26. f3 Nf5 27. Kf2 Ne7
28. R1c2 f5 29. a4 f4 30. Rc1 Kf7 31. R1c2 Nf5 32. Rc1 Ne3 33. g3 g5 34. b5 a5
35. Ng1 Rxc4 0-1

[Event "1st IBCA European Team Chess Championship"]
[Site "Warsaw"]
[Date "1899-12-30"]
[Round "9.22"]
[White "Donmez, Unal"]
[Black "Harnandan, Sergio"]
[Result "1-0"]
[WhiteTitle ""]
[BlackTitle ""]
[WhiteElo "1827"]
[BlackElo "1897"]

1. e4 c5 2. d4 cxd4 3. c3 dxc3 4. Nxc3 d6 5. Bc4 Nc6 6. Nf3 Nf6 7. e5 dxe5 8. Qxd8+
Nxd8 9. Nb5 Rb8 10. Nxe5 e6 11. Nc7+ Ke7 12. Bf4 Nh5 13. Be3 Kd6 14. Nb5+ Kxe5
15. Bd4+ Kf5 16. Bd3+ Kg5 17. h4+ Kg4 18. Be5 Nf4 19. f3+ Kg3 20. Kf1 1-0

[Event "1st IBCA European Team Chess Championship"]
[Site "Warsaw"]
[Date "1899-12-30"]
[Round "9.23"]
[White "Van Duuren, Louis"]
[Black "Aksu, Mumin"]
[Result "1-0"]
[WhiteTitle ""]
[BlackTitle ""]
[WhiteElo "1890"]
[BlackElo "1781"]

1. e4 e6 2. d4 d5 3. Nd2 Nf6 4. e5 Nfd7 5. Ngf3 c5 6. c3 Nc6 7. Bd3 Qb6 8. Qb3
Be7 9. O-O O-O 10. Qxb6 axb6 11. Rd1 h6 12. Nf1 Kh8 13. Bc2 Rd8 14. Be3 Nf8 15.
a3 Bd7 16. b4 cxd4 17. cxd4 Rdc8 18. Ne1 Ra7 19. Bb3 Rca8 20. Nc2 b5 21. Rac1
Kh7 22. g3 Ng6 23. Nd2 Bf8 24. Nb1 Rc8 25. Ne1 Nge7 26. Bc2+ g6 27. f4 Raa8 28.
g4 Kg7 29. Nf3 Na7 30. Rf1 Rc7 31. Bd3 Rac8 32. Rxc7 Rxc7 33. Rc1 Rxc1+ 34. Bxc1
Nec8 35. Nbd2 Nb6 36. Nb3 Nc4 37. Kf2 Nc8 38. Nc5 Bxc5 39. dxc5 Ne7 40. h3 Nc6
41. h4 Ne7 42. Ke2 Nc6 43. Bc2 Kh7 44. h5 Kg7 45. hxg6 fxg6 46. g5 h5 47. Kd3
Ne7 48. Nh4 Nc6 49. Bd1 Kf7 50. Bf3 Kg7 51. Bg2 Kf7 52. Kc3 Be8 53. Nf3 Ke7 54.
Bh3 Bd7 55. Bf1 Nd8 56. Bd3 Be8 57. Nh4 Nc6 58. Bxg6 d4+ 59. Kc2 Bxg6+ 60. Nxg6+
Kf7 61. Nh4 N4xe5 62. fxe5 Nxe5 63. Bf4 Nc6 64. Nf3 Kg6 65. Nh4+ Kf7 66. Kd3 e5
67. Bh2 Ke6 68. Ke4 Kf7 69. Nf3 Ke6 70. Bxe5 h4 71. Bxd4 1-0